L'église catholique justifiée contre les attaques d'un écrivain qui se dit orthodoxae... Considérations sur la doctrine et l'esprit..

Detalles Bibliográficos
Formato: Libro
Publicado: Lyon/París 1822
Materias:
Colección:Banco de datos
Acervo:Biblioteca Nacional de Antropología e Historia. Fondo Conventual
Tema general:Apologética
Notas:Regular. XVIII,5,16.
LEADER 00684nam a22001810004500
035 |a 7670 
036 |a 2275 
245 1 0 |a L'église catholique justifiée contre les attaques d'un écrivain qui se dit orthodoxae... Considérations sur la doctrine et l'esprit.. 
260 |a Lyon/París  |b Rusand  |c 1822 
500 |a Regular. XVIII,5,16. 
650 1 0 |a Apologética 
949 |a B.N.A.H. 
959 |a Biblioteca Nacional de Antropología e Historia. Ciudad de México  |b CCC1 
960 |a Seminario de Morelia  |b DD56 
961 |a Casa de formación del Clero Secular  |b CS 
942 |c B.N.A.H. 
943 |g Biblioteca Nacional de Antropología e Historia. Fondo Conventual 
999 |c 1032202  |d 1032202